Score 0/10 Timer 02:00
7 Plays Today
% Correct
Y - The pictured location is London, United Kingdom
93.6%
N - The pictured location is Toulouse, France
91.1%
N - The pictured location is Punta Arenas, Chile
86.1%
N - The pictured location is Sochi, Russia
85.6%
N - The pictured location is Durban, South Africa
75.7%
Y - The pictured location is Mexico City, Mexico
63.9%
Y - The pictured location is Zagreb, Croatia
63.3%
N - The pictured location is Kuching, Malaysia
58.6%
Y - The pictured location is Kinshasa, Democratic Republic of the Congo
57.9%
Y - The pictured location is Bishkek, Kyrgyzstan
45.2%
Remove Ads.
Support Sporcle.
Get the best of Sporcle when you Go Orange. This ad-free experience offers more features, more stats, and more fun while also helping to support Sporcle. Thank you for becoming a member.

You're not logged in!

Compare scores with friends on all Sporcle quizzes.
OR
Log In

Show Comments

Extras

Top Quizzes Today


Score Distribution

Your Account Isn't Verified!

In order to create a playlist on Sporcle, you need to verify the email address you used during registration. Go to your Sporcle Settings to finish the process.

Report this User

Report this user for behavior that violates our Community Guidelines.

Details: